It looks like you're offline.
Open Library logo
additional options menu

MARC record from Internet Archive

LEADER: 00595cam 22002050 4500
008 700701s1897 ||| ger x
035 $a(Sirsi) ABW-0099
040 $aOTU$bENG
050 4 $aND623 B7$bS7
090 8 $aND 623 .B7S7$bROBA$c1
100 10 $aSteinmann, Ernst,$d1866-1934
245 00 $aBotticelli.
250 $a[Liebhaber-Ausg.]
260 0 $aBielefeld$bVelhagen & Klasing$c1897
300 $a103p.
440 0 $aKünstler-Monographien,$v24
600 10 $aBotticelli, Sandro,$d1444 or 5-1510.
948 $a07/14/1992$b09/20/1998
596 $a26
926 $aROBARTS$bSTACKS$cND623 .B7 S7$dBOOK$f1